Elements of power system analysis (Record no. 3209)

000 -LEADER
fixed length control field 00596nam a2200217 a 4500
001 - CONTROL NUMBER
control field 3209
003 - CONTROL NUMBER IDENTIFIER
control field BD-DhUET
008 - FIXED-LENGTH DATA ELEMENTS--GENERAL INFORMATION
fixed length control field 810331s1982 nyua 001 0 eng
020 ## - INTERNATIONAL STANDARD BOOK NUMBER
International Standard Book Number 0070612781
020 ## - INTERNATIONAL STANDARD BOOK NUMBER
International Standard Book Number 007061279X
040 ## - CATALOGING SOURCE
Original cataloging agency DLC
Transcribing agency DLC
Modifying agency BD-DhUET
082 00 - DEWEY DECIMAL CLASSIFICATION NUMBER
Classification number 623.12
Item number STE/1982
100 1# - MAIN ENTRY--PERSONAL NAME
Personal name Stevenson, William D.
245 10 - TITLE STATEMENT
Title Elements of power system analysis
250 ## - EDITION STATEMENT
Edition statement 4th ed.
260 ## - PUBLICATION, DISTRIBUTION, ETC. (IMPRINT)
Place of publication, distribution, etc. New York
Name of publisher, distributor, etc. McGraw-Hill
Date of publication, distribution, etc. 1982
300 ## - PHYSICAL DESCRIPTION
Extent xii, 436 p.
Other physical details ill.
Dimensions 25 cm.
490 ## - SERIES STATEMENT
Series statement McGRAW-HILL series in electrical engineering
650 #0 - SUBJECT ADDED ENTRY--TOPICAL TERM
Topical term or geographic name as entry element Electric power system stability
942 ## - ADDED ENTRY ELEMENTS (KOHA)
Koha item type General Book
Holdings
Koha date last borrowed Koha issues (times borrowed) Location (home branch) Date acquired Lost status Copy number Koha normalized classification for sorting Sublocation or collection (holding branch) Koha renewals Koha full call number Koha item type Piece designation (barcode) Koha date last seen Not for loan Source of classification or shelving scheme Withdrawn status Damaged status Price effective from Shelving location
2021-09-2752Central Library, BUET2014-10-22 1623_120000000000000_STE_1982Central Library, BUET 623.12/STE/1982General Book1103132021-09-27    2014-10-22Circulation section
  Central Library, BUET2015-02-10 2623_120000000000000_STE_1982Central Library, BUET 623.12/STE/1982General Book691782015-02-10    2015-02-10Circulation section
2021-08-3122Central Library, BUET2015-02-11 3623_120000000000000_STE_1982Central Library, BUET2623.12/STE/1982General Book78208 2021-08-31    2015-02-11Circulation section
  Central Library, BUET2015-06-24 4623_120000000000000_STE_1982Central Library, BUET 623.12/STE/1982Reading Item673862015-06-24    2015-06-24Reading section
  Central Library, BUET2015-06-24 5623_120000000000000_STE_1982Central Library, BUET 623.12/STE/1982Reading Item673842015-06-24    2015-06-24Reading section
  Central Library, BUET2015-06-24 6623_120000000000000_STE_1982Central Library, BUET 623.12/STE/1982Reading Item673852015-06-24    2015-06-24Reading section
  Central Library, BUET2015-06-24 7623_120000000000000_STE_1982Central Library, BUET 623.12/STE/1982Reading Item639052015-06-24    2015-06-24Reading section
  Central Library, BUET2015-06-25 8623_120000000000000_STE_1982Central Library, BUET 623.12/STE/1982Reading Item639062015-06-25    2015-06-25Reading section
  Central Library, BUET2015-06-25 9623_120000000000000_STE_1982Central Library, BUET 623.12/STE/1982Reading Item639072015-06-25    2015-06-25Reading section
  Central Library, BUET2015-06-28 10623_120000000000000_STE_1982Central Library, BUET 623.12/STE/1982Reading Item639082015-06-28    2015-06-28Reading section